=LDR 00000nam 2200000 4500 =001 INLIS000000000014139 =005 20200309070108 =035 ##$$a 0010-061300000014139 =008 200309################g##########0#ind## =041 ##$$a Ind =082 ##$$a 297.3 =090 ##$$a 297.73, Zuh f =100 ##$$a Zuhairini =245 1#$$a Filsafat pendidikan islam /$c Zuhairini...[et al.] =260 ##$$a Jakarta :$b Bumi Aksara,$c 2004 =300 ##$$a xx, 208 hlm. ; $c 19 x 14 cm =650 #4$$a Pendidikan Islam =850 ##$$a NBPNMAT =020 ##$$a 979-526-084-7 =084 ##$$a 297.3 ZUH f =250 ##$$a cet. 3 =990 ##$$a 90915/BPAP-NTB/2014 =990 ##$$a 30502777